| 000 | 01189nam a2200313 a 4500 | ||
|---|---|---|---|
| 003 | AR-BaBNM | ||
| 005 | 20251128203909.0 | ||
| 008 | 082120s2002 ||||||||||||||000 | spa|| | ||
| 040 | _cAR-BaBNM | ||
| 100 | 1 | _aCarpenter, Finley | |
| 245 | 0 | 0 | _aComo aplicar la psicología a la educación |
| 250 | _a1ª ed. | ||
| 260 |
_aBuenos Aires _bPaidós _bCentro Regional de Ayuda Técnica. Agencia para el Desarrollo Internacional _c1971 |
||
| 300 |
_a252 p. _btablas |
||
| 500 | _aEsta publicación fue preparada conjuntamente por Editorial Paidós y el Centro Regional de Ayuda Técnica, Agencia para el Desarrollo Internacional, Departamento de Estado del Gobierno de los Estados Unidos de América. El Centro es una organización dedicada | ||
| 504 | _aBibliografía: p. 247-251 | ||
| 650 | 4 | _aPSICOLOGIA DE LA EDUCACION | |
| 650 | 4 | _aDESARROLLO DE LA CREATIVIDAD | |
| 650 | 4 | _aMETODOS DE ENSEÑANZA | |
| 650 | 4 | _aCINE | |
| 650 | 4 | _aDISCUSION EN GRUPO | |
| 650 | 4 | _aFORMACION DE DOCENTES | |
| 653 | _aPROCESO DE ENSEÑANZA-APRENDIZAJE | ||
| 653 | _aVISITAS GUIADAS | ||
| 700 | 1 | _aHaddan, Eugene E. | |
| 700 | 1 |
_aStein, Mónica _etraductor |
|
| 942 | _cBK | ||
| 998 | _csilvi | ||
| 999 |
_c5379 _d5379 |
||